| 000 | 00567nam a2200193 a 4500 | ||
|---|---|---|---|
| 005 | 20210223124709.0 | ||
| 008 | 020830s1994 mx r 000 0 spa d | ||
| 020 | _a9686851070 | ||
| 035 | _aUPN01000118804 | ||
| 049 | _aCG | ||
| 050 | 4 |
_aHQ1465 _bV5.4 |
|
| 100 | 1 | _aVillaneda, Alicia | |
| 245 | 1 | 0 |
_aJusticia y libertad Juana Belén Gutiérrez de Mendoza 1875-1942 / _cAlicia Villaneda. |
| 260 |
_aMéxico : _bDEMAC, _c1994. |
||
| 300 | _a92 p. | ||
| 600 | 1 | 4 |
_aGUTIERREZ DE MENDOZA, JUANA BELEN, _d1875-1942 |
| 650 | 4 |
_aMUJERES MEXICANAS _916727 |
|
| 905 | _aLibro | ||
| 999 |
_c91167 _d91167 |
||